| 000 | 01830cad a22002415a 4500 | ||
|---|---|---|---|
| 001 | L145998 | ||
| 008 | 081201e20081124xxk f f000 0 eng d | ||
| 020 | _a9781409808336 | ||
| 035 | _a(Sirsi) u145998 | ||
| 041 | 0 | _aeng | |
| 050 | 0 | 4 | _a333.33 $2 18 |
| 110 | 2 |
_aUnited Kingdom _bDepartment for Communities and Local Government _94939 |
|
| 245 | 0 | 0 |
_aFinal report _bnon householder minor development consents review _h[electronic resource] |
| 260 |
_aWetherby _bDCLG _c2008 |
||
| 505 | 2 | _aExecutive summary -- Summary of recommendations -- The context: introduction; areas of study; an impact based approach; establishing the evidence base -- Cross-cutting issues: the GPDO and regulated regulations; prior approvals; sustainability and climate change; disability access -- Topic areas: retail and town centres; industry and offices; institutions and leisure uses; rural areas; flats; waste management -- The way forward -- Appendices: interviews with development control managers; summary of written representations; feedback from sounding boards | |
| 520 | _aReviews the General Permitted Development Order (GPDO) (apart from householder and telecommunications) and makes recommendations for revising it. Uses an impact based approach to determine low impact developments that might be exempted from planning permission. The views expressed are those of the contributing authors and do not represent the views of the Department for Communities and Local Government. | ||
| 521 | _aAdvanced | ||
| 590 | _aKA | ||
| 651 | 4 |
_aEngland and Wales _y1543- |
|
| 690 | _aENVIRONMENTAL AND LAND CONSULTANCY-PLANNING AND DEVELOPMENT-DEVELOPMENT CONTROL | ||
| 856 | 4 | 0 |
_uhttps://www.communities.gov.uk/publications/planningandbuilding/finalconsentsreview _zView the item free of charge online at www.communities.gov.uk... |
| 942 | _n0 | ||
| 999 |
_c109013 _d109013 |
||